01060nas a2200265 4500001001000000003000900010005001700019007000300036008003400039040005400073041000900127072000800136100001500144245012600159246012600285650001000411650001400421650001000435650002100445773009800466909004000564942001800604999001900622952015300641BR9201782BR-BrBNA20231205092441.0ta230509b bl.|||p| |||| 00| 00por d aBR-BrBNAbporcBiblioteca Nacional de Agricultura a(En) aH201 aReis, E.M.1 aEffects of rain and relative humidity on the release of ascospores and on the infection of wheat heads by Gibberella zeae1 aEffects of rain and relative humidity on the release of ascospores and on the infection of wheat heads by Gibberella zeae aTRIGO aFUSARIOSE aCHUVA aUMIDADE RELATIVA0 tFitopatologia Brasileira (Brazil)xISSN 0100-4158g(Dec 1990), v. 15(4) p. 339-343wBR9201782 a202311bLúciac55dLúcia Elande 2AGRISn0cANA c131793d131793 002AGRIS4071a41918b41918cPeriódicos Agrícolash(Dec 1990), v. 15(4) p. 339-343l0r2023-11-29t01yCRePortaria Interministerial nº 164/94